000 00941cam a22002893a 4500
001 20532
003 PGUSA
005 20140828083434.0
008 070206s2007||||xxu|||||s|||||000 1 eng d
040 _aPGUSA
_beng
042 _adc
050 4 _aPR
100 1 _aWodehouse, P. G.
_q(Pelham Grenville),
_d1881-1975
245 1 0 _aLove Among the Chickens :
_bA Story of the Haps and Mishaps on an English Chicken Farm
_h[electronic resource] /
_cP. G. Wodehouse
260 _bProject Gutenberg,
_c2007
506 _aPublic domain in the USA.
516 _aElectronic text
653 _aChicken breeders -- Fiction
653 _aFarm life -- Fiction
653 _aEngland -- Fiction
653 _aUkridge, Stanley Featherstonehaugh (Fictitious character) -- Fiction
653 _aHumorous stories
700 1 _aBoth, Armand
830 0 _aProject Gutenberg
_v20532
856 4 0 _uhttp://www.gutenberg.org/ebooks/20532
942 _cEB
999 _c249787
_d249787